Prénoms de filles les plus populaires au Québec en 2021 - Statistiques

Statistiques générales
  • Ce quiz a été pris 196 fois
  • Le résultat moyen est 46 sur 100
Statistiques - réponses
Réponse % Correct
Léa
90%
Anna
84%
Julia
84%
Emma
83%
Ellie
76%
Chloé
75%
Rose
74%
Sarah
74%
Olivia
73%
Charlotte
72%
Juliette
71%
Lou
70%
Alice
69%
Gabrielle
68%
Jade
67%
Noémie
67%
Zoé
66%
Zoey
66%
Alicia
65%
Camille
65%
Eva
65%
Jeanne
65%
Laura
65%
Lily
64%
Sophia
63%
Rosalie
62%
Clara
61%
Ève
61%
Mia
60%
Sophie
59%
Laurie
58%
Charlie
57%
Béatrice
56%
Elisabeth
56%
Elizabeth
56%
Justine
55%
Florence
53%
Victoria
53%
Laurence
52%
Mathilde
52%
Léanne
49%
Maélie
48%
Coralie
47%
Lucie
47%
Mila
46%
Amélia
45%
Annabelle
45%
Anaïs
44%
Aurélie
44%
Élodie
44%
Léonie
44%
Delphine
43%
Éloïse
43%
Raphaëlle
43%
Agathe
42%
Elena
42%
Océane
42%
Adèle
41%
Maya
41%
Sofia
41%
Livia
40%
Lyvia
40%
Clémence
38%
Éléonore
37%
Maëva
37%
Lena
36%
Romane
36%
Eliane
35%
Lina
35%
Romy
35%
Flora
34%
Jasmine
34%
Margot
34%
Simone
34%
Lily-Rose
33%
Ophélie
32%
Ella
30%
Abigaëlle
28%
Luna
28%
Abby
27%
Flavie
27%
Alyssa
26%
Evelyne
26%
Marguerite
26%
Yasmine
26%
Arielle
25%
Estelle
23%
Lara
22%
Lexie
22%
Magalie
22%
Nora
22%
Stella
22%
Billie
21%
Mélodie
21%
Noélie
20%
Liana
18%
Ophélia
17%
Célèste
16%
Madison
12%
Ivy
9%
Aucun quiz correspondant
Distribution des résultats
% des personnes avec chaque résultat
Percentile par nombre de réponses
Votre historique - résultats
Vous n’avez pas pris ce quiz